| 000 | 00464nam a2200145Ia 4500 | ||
|---|---|---|---|
| 008 | 140724s9999 xx 000 0 und d | ||
| 050 |
_aG 154 _b.B581 2013 |
||
| 100 | _aBibaro, Maria Roma Z. | ||
| 245 |
_aEscapade Home-Based Travel Agency / _cMaria Roma Z. Bibaro. |
||
| 260 |
_aLas PiƱas, Philippines : _bSouthville International School and Colleges, _cc2013. |
||
| 300 |
_a64 p. : _bcol. Ill. ; _c28 cm. |
||
| 521 | _aTourism | ||
| 942 | _cTH | ||
| 999 |
_c229065 _d229065 |
||